000 00307nam a22001337a 4500
008 170822b xxu||||| |||| 00| 0 eng d
020 _a0125581807
041 _aeng
080 _a51
100 _a38
101 _aMST
245 _aALGEBRAIC GROUPS AND NUMBER THEORY
_cPLATONOV.V
942 _2udc
_cBK
999 _c24548
_d24548